00393nam a2200157Ia 4500008004100000020001800041041000800059082001500067100001300082245006800095250001200163260002300175300000800198365001600206700001300222230718s9999 xx 000 0 und d a9789352130153 aeng a006.7bNIX aNixon R. aLearning PHP, MySQL And JavaScriptbWith jQuery, CSS, And HTML5 a4th ed. c2017bSPD/O'Reilly a774 cRs.b800.00 aNixon R.